000 00316nam a22001337a 4500
008 181101b xxu||||| |||| 00| 0 eng d
020 _a9021940256
041 _aeng
080 _a611
100 _a6
101 _aANA
245 _aThe Physiological Basis of Starling's Law of the Heart
_cGuz,A
942 _2udc
_cBK
999 _c51511
_d51511